000 00811nam a2200229Ia 4500
001 10282
003 GE_BSU
008 181216s||||||||xx |||||||||||||| ||und||
040 _cGE_BSU
080 _a821.353.1–1+821.353.1-11
100 _aსეიდიშვილი,ლადო
245 _aმზის ხმაური;სხვადასხვა;ფრესკები წვიმაში;ათი სონეტი
245 _bლექსები
245 _cრედ.შ.ზოიძე.მხატვ.ლ.სეიდიშვილი
260 _aბათუმი
260 _bსაბჭოთა აჭარა
260 _c1972
300 _a46გვ.16სმ.
653 _aლექსები
653 _aმზის ხმაური
942 _cBK
999 _c43551
_d43551